<?xml version="1.0" encoding="UTF-8"?>
<marc:record xmlns:marc="http://www.loc.gov/MARC21/slim">
   <marc:leader>00000nam a2200000 a 4500</marc:leader>
   <marc:datafield ind1="1" ind2=" " tag="100">
      <marc:subfield code="a">Schumacher, Jens</marc:subfield>
      <marc:subfield code="4">aut</marc:subfield>
      <marc:subfield code="e">Verfasser/-in</marc:subfield>
   </marc:datafield>
   <marc:datafield ind1="0" ind2="0" tag="245">
      <marc:subfield code="a">Escape-Room - Kluftinger in Gefahr!</marc:subfield>
   </marc:datafield>
   <marc:datafield ind1="0" ind2="0" tag="245">
      <marc:subfield code="c">Schumacher, Jens</marc:subfield>
   </marc:datafield>
   <marc:datafield ind1=" " ind2="1" tag="264">
      <marc:subfield code="a">München</marc:subfield>
      <marc:subfield code="b">arsEdition</marc:subfield>
      <marc:subfield code="c">2021</marc:subfield>
   </marc:datafield>
   <marc:datafield ind1="1" ind2=" " tag="490">
      <marc:subfield code="a">Kluftinger</marc:subfield>
   </marc:datafield>
   <marc:datafield ind1="1" ind2=" " tag="520">
      <marc:subfield code="a">Kult-Kommissar Kluftinger: Das originale Escape-Krimi-Spiel in der praktischen Kartenbox             &#xD;
 &#xD;
Kannst DU den Maulwurf dingfest machen? Seit seinem letzten Fall weiß Kommissar Kluftinger, dass es eine undichte Stelle im Kemptener Polizeipräsidium gibt, über die Informationen und Ermittlungsergebnisse an die Unterwelt dringen. Er beschließt, diese gefährliche Situation zu beenden – und gibt DIR den Auftrag, den Maulwurf unter seinen Kollegen zu identifizieren und verhaften zu lassen! Doch das Präsidium ist groß, und zu allem Überfluss bleibt dir nur eine Stunde Zeit, den verwegenen Plan des Kommissars in die Tat umzusetzen …   &#xD;
&#xD;
Zum Um-die-Ecke-denken: Hier sind Kreativität und Kombinationsgeschick gefragt&#xD;
Ein interaktiver Krimi für 1-4 Spieler ab 12 Jahren: Spaß für einen allein oder die ganze Familie&#xD;
&#xD;
50 spannende Karten: Reichlich Rätselspaß für 30- 60 Minuten kriminelles Vergnügen Rätseln mit Zeitlimit: Nur wer zielführend ermittelt, löst den Fall innerhalb der vorgegebenen Zeitspanne&#xD;
&#xD;
Im handlichen Format (9,8 x 15,4 cm): Dank der praktischen Kartenbox ist dieses spannende Escape-Game überall spielbar – ob daheim oder auf Reisen</marc:subfield>
   </marc:datafield>
   <marc:datafield ind1="3" ind2=" " tag="024">
      <marc:subfield code="a">4014489126379</marc:subfield>
   </marc:datafield>
   <marc:datafield ind1=" " ind2=" " tag="041">
      <marc:subfield code="a">ger</marc:subfield>
   </marc:datafield>
   <marc:datafield ind1="1" ind2=" " tag="521">
      <marc:subfield code="a">Jugend [ab 12 Jahren]</marc:subfield>
   </marc:datafield>
   <marc:datafield ind1=" " ind2=" " tag="338">
      <marc:subfield code="a">Gegenstand</marc:subfield>
   </marc:datafield>
   <marc:datafield ind1=" " ind2=" " tag="300">
      <marc:subfield code="a">49 Karten, 1 Anleitung, 1 Codeheft, 1 Folder "Streng geheim"</marc:subfield>
   </marc:datafield>
</marc:record>
